[Event "Vrsac"]
[Site "Vrsac"]
[Date "1981.??.??"]
[Round "11"]
[White "Popovic, Petar"]
[Black "Ftacnik, Lubomir"]
[Result "0-1"]
[WhiteElo "2490"]
[BlackElo "2525"]

1.e4 c5 2.Nf3 d6 3.d4 cxd4 4.Nxd4 Nf6 5.Nc3 a6 6.g3 e5 7.Nb3 Be7 8.Bg2 O-O
9.O-O b5 10.a4 Bb7 11.axb5 axb5 12.Rxa8 Bxa8 13.Qd3 b4 14.Nd5 Nxd5 15.exd5 Bb7
16.Rd1 Ba6 17.Qe4 Qc7 18.Na1 b3 19.cxb3 Nd7 20.Be3 f5 21.Qa4 Be2 22.Re1 f4
23.Bd2 f3 24.Bh3 Nc5 25.Rc1 Qb8 26.Qg4 Bd8 27.Be3 Bb6 28.Qb4 Nd3 29.Be6+ Kh8
30.Qxb6 Qxb6 31.Bxb6 Nxc1 32.b4 Bd3 33.h4 Ra8 34.Ba5 Ne2+ 35.Kh2 Nd4 36.g4 e4
37.Kg3 Ne2+ 38.Kh2 e3 39.fxe3 f2 40.Kg2 Rf8  0-1

[Event "Yerevan"]
[Site "Yerevan"]
[Date "1981.??.??"]
[Round "1"]
[White "Muratov, Vladimir A"]
[Black "Agzamov, Viachesiav"]
[Result "1-0"]
[WhiteElo "2415"]
[BlackElo "2255"]

1.e4 c5 2.Nf3 d6 3.d4 cxd4 4.Nxd4 Nf6 5.Nc3 a6 6.g3 e5 7.Nb3 Be7 8.Bg2 O-O
9.O-O Nbd7 10.a4 b6 11.Re1 Bb7 12.Nd2 Rc8 13.Re3 Nc5 14.b4 Ncd7 15.Ba3 Rc7
16.b5 a5 17.Nb3 Qc8 18.Qf3 Qa8 19.Rae1 Rfc8 20.Nd2 g6 21.Bh3 Kg7 22.Rd3 h5
23.Ree3 d5 24.Bxe7 dxe4 25.Ncxe4 Nxe4 26.Nxe4 f5 27.Bxf5 gxf5 28.Qxf5 Nc5
29.Qf6+ Kg8 30.Qg6+  1-0

[Event "Yerevan"]
[Site "Yerevan"]
[Date "1981.??.??"]
[Round "5"]
[White "Muratov, Vladimir A"]
[Black "Dementiev, Oleg I"]
[Result "1/2-1/2"]
[WhiteElo "2415"]
[BlackElo "2490"]

1.e4 c5 2.Nf3 d6 3.d4 cxd4 4.Nxd4 Nf6 5.Nc3 a6 6.g3 g6 7.Bg2 Bg7 8.O-O O-O
9.Nce2 Qc7 10.c3 Rd8 11.h3 b6 12.Bg5 Bb7 13.Nf4 Nbd7 14.Nd5 Nxd5 15.exd5 Nf6
16.Re1 Re8 17.Nc2 Rac8 18.Qd2 Qc4 19.Ne3 Qa4 20.Bxf6 exf6 21.a3 f5 22.Nc2 h6
23.Nb4 Kh7 24.h4 Bf6 25.f4 a5 26.Nc6 Qb3 27.Rad1 Kg7 28.Kf2 Qc4 29.Bf3 Qc5+
30.Kg2 Kf8 31.Qd3 Rxe1 32.Rxe1 Ra8 33.Qd2 Ba6 34.Be2 Re8 35.Bf3 Rxe1 36.Qxe1 Bd3
37.Qf2  1/2-1/2

[Event "Baile Herculane zt"]
[Site "Baile Herculane"]
[Date "1982.??.??"]
[Round "2"]
[White "Inkiov, Ventzislav"]
[Black "Georgiev, Krum"]
[Result "1/2-1/2"]
[WhiteElo "2495"]
[BlackElo "2465"]

1.e4 c5 2.Nf3 d6 3.d4 cxd4 4.Nxd4 Nf6 5.Nc3 a6 6.g3 Nc6 7.Bg2 Bd7 8.O-O g6
9.Nxc6 Bxc6 10.Nd5 Bg7 11.Bg5 Bxd5 12.exd5 O-O 13.Re1 Re8 14.c3 Nd7 15.Re4 Ne5
16.Qe2 Qa5 17.Rb4 b5 18.a4 h6 19.Bf4 Rab8 20.Qf1 Qc7 21.axb5 axb5 22.Bxe5 Bxe5
23.Rxb5 Rb6 24.Ra4 Reb8 25.Rxb6 Rxb6 26.Ra8+ Kg7 27.Qa1 Qb7 28.Qa4 Rxb2 29.Qe8 Rb1+
30.Bf1 Rxf1+ 31.Kxf1  1/2-1/2

[Event "Midwest Masters"]
[Site "Chicago"]
[Date "1982.??.??"]
[Round "2"]
[White "Kaushansky, Leonid"]
[Black "Chachere, Lawrence"]
[Result "1-0"]
[WhiteElo "2425"]
[BlackElo "2230"]

1.e4 c5 2.Nf3 d6 3.d4 cxd4 4.Nxd4 Nf6 5.Nc3 a6 6.g3 e5 7.Nde2 Nbd7 8.a4 b6
9.Bg2 Bb7 10.O-O b5 11.axb5 axb5 12.Rxa8 Bxa8 13.Nxb5 Nc5 14.Nec3 Nfxe4 15.Nd5 Bxd5
16.Qxd5 Qb6 17.c4 Nf6 18.Qa8+ Ke7 19.Be3 g6 20.b4  1-0

[Event "Midwest Masters"]
[Site "Chicago"]
[Date "1982.??.??"]
[Round "4"]
[White "Rubin, David"]
[Black "Giles, Morris"]
[Result "1/2-1/2"]
[WhiteElo "2285"]
[BlackElo "2200"]

1.e4 c5 2.Nc3 d6 3.Nge2 Nf6 4.d4 cxd4 5.Nxd4 a6 6.g3 b5 7.Bg2 Bb7 8.O-O e6
9.Re1 b4 10.Na4 Nfd7 11.c3 a5 12.h4 Be7 13.e5 Bxg2 14.exd6 Bxd6 15.Kxg2 Be7
16.Qf3 Ra6 17.Bd2 O-O 18.Rad1 Bf6 19.b3 Qe7 20.Be3 Rc8 21.Qb7 Qf8 22.c4 h5
23.Nb5 Rd8 24.f4 e5 25.fxe5 Bxe5 26.Bd4 Re6 27.Bxe5 Nxe5 28.Qc7 Nbd7 29.Rd6 Rc8
30.Qb7 Rb8 31.Qc7 Rxb5 32.Rxe6 fxe6 33.cxb5 Qf3+ 34.Kg1 Qxg3+  1/2-1/2

[Event "Midwest Masters"]
[Site "Chicago"]
[Date "1982.??.??"]
[Round "5"]
[White "Kaushansky, Leonid"]
[Black "Brooks, Michael A"]
[Result "1/2-1/2"]
[WhiteElo "2425"]
[BlackElo "2435"]

1.e4 c5 2.Nf3 d6 3.d4 cxd4 4.Nxd4 Nf6 5.Nc3 a6 6.g3 e5 7.Nde2 Nbd7 8.Bg2 b5
9.h3 Bb7 10.g4 Nc5  1/2-1/2

[Event "Futurity"]
[Site "Chicago"]
[Date "1982.??.??"]
[Round "6"]
[White "Kaushansky, Leonid"]
[Black "Sprenkle, David"]
[Result "0-1"]
[WhiteElo "2200"]
[BlackElo "2200"]

1.e4 c5 2.Nf3 d6 3.d4 cxd4 4.Nxd4 Nf6 5.Nc3 a6 6.g3 e5 7.Nde2 Nbd7 8.Bg2 b5
9.h3 Bb7 10.g4 b4 11.Nd5 Nxd5 12.exd5 Be7 13.Ng3 O-O 14.Nf5 g6 15.Nxe7+ Qxe7
16.h4 Rfc8 17.a3 a5 18.axb4 axb4 19.Rxa8 Rxa8 20.Bg5 f6 21.Bd2 e4 22.Bxb4 e3
23.Rh3 exf2+ 24.Kxf2 Ne5 25.Bf3 Re8 26.Qd4 Bc8 27.Rg3 Nxf3 28.Rxf3 Qe2+ 29.Kg3 Re4
30.Qf2 Rxg4+ 31.Kh2 Qxf2+ 32.Rxf2 Rxh4+ 33.Kg3 Rxb4  0-1

[Event "Gausdal Young Men"]
[Site "Gausdal"]
[Date "1982.??.??"]
[Round "4"]
[White "Kudrin, Sergey"]
[Black "Svensson, Bengt"]
[Result "1/2-1/2"]
[WhiteElo "2480"]
[BlackElo "2330"]

1.e4 c5 2.Nf3 d6 3.d4 cxd4 4.Nxd4 Nf6 5.Nc3 a6 6.g3 e5 7.Nde2 Nbd7 8.a4 Be7
9.Bg2 O-O 10.h3 Rb8 11.a5 b5 12.axb6 Qxb6 13.O-O Bb7 14.b3 Nc5 15.Nd5 Nxd5
16.exd5 f5 17.Be3 Qc7 18.f4 Bf6 19.Rc1 Rbe8 20.Qd2 Bc8 21.Kh2 exf4 22.gxf4 Ne4
23.Bxe4 fxe4 24.c4 Qd7 25.Ng1 Bh4 26.Qd1 Rf5 27.Rc2 Ref8 28.Rg2 g6 29.b4 Bf6
30.Qc2 Re8 31.Rd1 Rh5 32.Qe2 Bg7 33.Qd2 Rd8 34.Rg3 Bb7 35.Rg5 Rxg5 36.fxg5 Qf5
37.Kg2 Qe5 38.Bd4 Qe7 39.Bxg7 Qxg7 40.Rf1 Rc8 41.Ne2  1/2-1/2

[Event "Bundesliga 8182"]
[Site "Germany"]
[Date "1982.??.??"]
[Round "?"]
[White "Staller, Peter"]
[Black "Leitner, Maximilian"]
[Result "0-1"]
[WhiteElo "2360"]
[BlackElo "2250"]

1.Nf3 c5 2.e4 d6 3.d4 cxd4 4.Nxd4 Nf6 5.Nc3 a6 6.g3 e6 7.Bg2 Bd7 8.O-O Nc6
9.Nxc6 bxc6 10.Na4 Be7 11.c4 O-O 12.Be3 Rb8 13.b3 Ne8 14.Qd2 c5 15.Nc3 Qc7
16.Rad1 Bc6 17.f4 Rd8 18.Bf3 Bf6 19.Rc1 Qb7 20.Qg2 Bd4 21.Bxd4 cxd4 22.Nb1 e5
23.Nd2 Qe7 24.b4 Rb8 25.a3 Nf6 26.c5 Bb5 27.Rfe1 Rfc8 28.Nb3 dxc5 29.Nxc5 Nd7
30.Nxd7 Bxd7 31.Qd2 h6 32.Rxc8+ Rxc8 33.Rc1 Rxc1+ 34.Qxc1 exf4 35.gxf4 Bh3
36.Qd2 Qc7 37.Kf2 g5 38.e5 Qd8 39.Kg3 Bf5 40.a4 d3 41.Qe3 g4 42.Bd1 h5 43.b5 axb5
44.axb5 h4+ 45.Kf2 Qa8 46.Qd4 Kh7 47.Bxg4 Bxg4 48.Qxd3+ Kg7 49.Qc3 Qa7+  0-1

[Event "Luzern ol (Men)"]
[Site "Luzern"]
[Date "1982.??.??"]
[Round "4"]
[White "Fernandez, A."]
[Black "Bouaziz, Slim"]
[Result "0-1"]
[WhiteElo "2340"]
[BlackElo "2360"]

1.e4 c5 2.Nf3 d6 3.d4 cxd4 4.Nxd4 Nf6 5.Nc3 a6 6.g3 e5 7.Nde2 Nbd7 8.a4 b6
9.Bg2 Bb7 10.h3 b5 11.axb5 axb5 12.Bg5 Bc6 13.O-O Be7 14.Bxf6 Nxf6 15.Qd3 Rb8
16.g4 b4 17.Nd5 Nxd5 18.exd5 Bb5 19.Qe3 O-O 20.Be4 Bg5 21.Qf3 g6 22.Bd3 Bd7
23.Ng3 f5 24.gxf5 gxf5 25.Qg2 Kh8 26.Kh1 e4 27.Be2 Rg8 28.Rg1 Bf6 29.Ra7 Bd4
30.Ra6 Qe7 31.b3  0-1

[Event "Luzern ol (Men)"]
[Site "Luzern"]
[Date "1982.??.??"]
[Round "5"]
[White "Myagmarsuren, Lhamsuren"]
[Black "Sunye Neto, Jaime"]
[Result "0-1"]
[WhiteElo "2350"]
[BlackElo "2500"]

1.e4 c5 2.Nf3 d6 3.d4 cxd4 4.Nxd4 Nf6 5.Nc3 a6 6.g3 Bg4 7.f3 Bd7 8.Be3 Nc6
9.Bg2 Rc8 10.O-O e6 11.Nce2 Ne5 12.c3 Nc4 13.Qc1 e5 14.Nc2 Nxe3 15.Nxe3 Qb6
16.Kh1 h5 17.c4 h4 18.gxh4 Be6 19.b3 g6 20.f4 Bh6 21.Qc3 O-O 22.Nd5 Bxd5
23.exd5 Ng4 24.Qg3 Ne3 25.Rg1 Nf5 26.Qg4 exf4 27.Nxf4 Qd4 28.Nh5 Qxg4 29.Nf6+ Kg7
30.Nxg4 Nxh4 31.Nxh6 Kxh6 32.Rge1 Rce8 33.Kg1 b5 34.Rxe8 Rxe8 35.Bf1 bxc4
36.Bxc4 a5 37.Kf2 Nf5 38.Rc1 Rc8 39.Kf3 Kg5 40.Re1 Rh8 41.Kg2 Kf4  0-1

[Event "Luzern ol (Men)"]
[Site "Luzern"]
[Date "1982.??.??"]
[Round "5"]
[White "Fernandez, A."]
[Black "Sinprayoon, Pricha"]
[Result "1-0"]
[WhiteElo "2340"]
[BlackElo "2350"]

1.e4 c5 2.Nf3 d6 3.d4 cxd4 4.Nxd4 Nf6 5.Nc3 a6 6.g3 b5 7.Bg2 Bb7 8.O-O e6
9.Re1 Be7 10.e5 dxe5 11.Bxb7 exd4 12.Bxa8 dxc3 13.Qxd8+ Kxd8 14.bxc3 Nfd7
15.Be3 Bf6 16.Bd4 Kc7 17.Bf3 Nb6 18.Bh5 Bxd4 19.cxd4 g6 20.Bd1 Kd6 21.Re3 Rc8
22.Rf3 f5 23.c3 Nd5 24.Bb3 Nxc3 25.Re1 Nd5 26.Bxd5 exd5 27.Rfe3 Nc6 28.Re6+ Kd7
29.Kg2 Rf8 30.h4 a5 31.h5 Nxd4 32.Re7+ Kd6 33.h6 f4 34.Rxh7 fxg3 35.fxg3 Nf5
36.g4 Nh4+ 37.Kg3 g5 38.Rg7 Rf3+ 39.Kh2 Rf2+ 40.Kg1 Rf6 41.h7 Nf3+ 42.Kf2 Nxe1+
43.Kxe1 Rh6 44.Rg6+ Rxg6 45.h8=Q b4 46.Qd8+ Ke5 47.Qxa5 Rh6 48.Qxb4 Rh1+
49.Kf2 Rh2+ 50.Ke3 Rh3+ 51.Ke2 Rh2+ 52.Kf3 Rxa2 53.Qe7+ Kd4 54.Qxg5 Ra3+
55.Kf4 Ra4 56.Qe5+ Kd3+ 57.Kf3 d4 58.Qb5+ Rc4 59.g5 Kc3 60.g6 d3 61.g7  1-0

[Event "Luzern ol (Men)"]
[Site "Luzern"]
[Date "1982.??.??"]
[Round "6"]
[White "Ochoa de Echaguen, F Javier"]
[Black "Bogda, A."]
[Result "1-0"]
[WhiteElo "2410"]
[BlackElo "2250"]

1.e4 c5 2.Nf3 d6 3.d4 cxd4 4.Nxd4 Nf6 5.Nc3 a6 6.g3 e5 7.Nde2 Nbd7 8.Bg2 b5
9.O-O Bb7 10.a4 bxa4 11.Nd5 Nxd5 12.exd5 Be7 13.Nc3 O-O 14.Nxa4 f5 15.c4 Qc7
16.b3 Rae8 17.Ra2 Bc8 18.Kh1 Kh8 19.Rc2 f4 20.b4 Nb6 21.Nxb6 Qxb6 22.Be4 f3
23.Bxf3 Qxb4 24.Be4 Bf5 25.Qd3 Bxe4+ 26.Qxe4 Rc8 27.Bd2 Qb3 28.Kg2 Bd8 29.Rc3 Qa2
30.Be3 Qb2 31.Qc2 Qb7 32.Rb1 Qf7 33.Qe4 h6 34.c5 dxc5 35.Rxc5 Bf6 36.Rc6 Rcd8
37.Bc5 Be7 38.Rc7 Bxc5 39.Rxf7 Rxf7 40.f3 Bd4 41.f4 Rfd7 42.fxe5 Rxd5 43.e6 Bf6
44.e7 Rd2+ 45.Kh3 Re8 46.Qg6  1-0

[Event "Luzern ol (Men)"]
[Site "Luzern"]
[Date "1982.??.??"]
[Round "8"]
[White "Diez del Corral, Jesus"]
[Black "Hoelzl, Franz"]
[Result "1/2-1/2"]
[WhiteElo "2475"]
[BlackElo "2355"]

1.e4 c5 2.Nf3 d6 3.d4 cxd4 4.Nxd4 Nf6 5.Nc3 a6 6.g3 e6 7.Bg2 Qc7 8.O-O Be7
9.a4 Nc6 10.b3 O-O 11.Bb2 Rd8 12.Re1 Nb4 13.Qd2 e5 14.Nde2 d5 15.exd5 Be6
16.Rad1 Nfxd5 17.Nxd5 Nxd5 18.Qc1 Nb4 19.Nc3 h6 20.Rxd8+ Rxd8 21.Rd1 Rd4
22.Rxd4 exd4 23.Ne2 Bg5 24.f4 Bf6 25.Bxd4 Nxc2 26.Bxf6 gxf6 27.Nd4 Qc5 28.Qxc2 Qxd4+
29.Kf1 Qb4 30.Bf3 a5 31.Kf2 Bxb3 32.Qc8+ Kg7 33.Qg4+ Kf8 34.Qc8+ Ke7  1/2-1/2

[Event "Luzern ol (Men)"]
[Site "Luzern"]
[Date "1982.??.??"]
[Round "9"]
[White "Sanz Alonso, Francisco Javier"]
[Black "Olafsson, Helgi"]
[Result "1-0"]
[WhiteElo "2365"]
[BlackElo "2430"]

1.e4 c5 2.Nf3 d6 3.d4 cxd4 4.Nxd4 Nf6 5.Nc3 a6 6.g3 e5 7.Nde2 Nbd7 8.a4 b6
9.Bg2 Bb7 10.h3 Be7 11.g4 O-O 12.Ng3 Nc5 13.O-O b5 14.axb5 axb5 15.Rxa8 Bxa8
16.b4 Na6 17.Nf5 Bc6 18.Kh1 Re8 19.g5 Nd7 20.Nxd6 Rf8 21.Nf5 Bxb4 22.Nd5 Bc5
23.Qg4 Nc7 24.Be3 Kh8 25.Nxc7 Qxc7 26.h4 Bxe3 27.fxe3 Nc5 28.h5 Ne6 29.g6 fxg6
30.hxg6 hxg6 31.Qh4+  1-0

[Event "Minsk"]
[Site "Minsk"]
[Date "1982.??.??"]
[Round "?"]
[White "Inkiov, Ventzislav"]
[Black "Groszpeter, Attila"]
[Result "1/2-1/2"]
[WhiteElo "2495"]
[BlackElo "2475"]

1.e4 c5 2.Nc3 d6 3.Nge2 Nf6 4.d4 cxd4 5.Nxd4 a6 6.g3 e5 7.Nde2 Nbd7 8.Bg2 b5
9.O-O Bb7 10.Nd5 Nxd5 11.exd5 Be7 12.f4 Bf6 13.f5 Bg5  1/2-1/2

[Event "Randers zt-f"]
[Site "Randers"]
[Date "1982.??.??"]
[Round "1"]
[White "Kagan, Shimon"]
[Black "Sigurjonsson, Gudmundur"]
[Result "1/2-1/2"]
[WhiteElo "2425"]
[BlackElo "2435"]

1.e4 c5 2.Nf3 d6 3.d4 cxd4 4.Nxd4 Nf6 5.Nc3 a6 6.g3 e6 7.Bg2 Be7 8.O-O O-O
9.b3 Bd7 10.Nce2 Nc6 11.c4 Rc8 12.Bb2 b5 13.cxb5 Nxd4 14.Nxd4 axb5 15.Qd2 Qb6
16.Rac1 h6 17.Rfe1 Rfd8 18.Bc3 Qb8 19.Ba5 Rxc1 20.Rxc1 Rc8 21.Rxc8+ Qxc8
22.Bb4 Bf8 23.Ne2 Bc6 24.Nc3 Qb7 25.Qd4 e5 26.Qd3 g6 27.h3 Be7 28.Kh2 Kg7
29.a3 h5 30.f3 Qb6 31.h4 Ne8 32.Qd2 Bb7 33.Bh3 Nc7 34.Bd7 Bc6 35.Bxc6 Qxc6
36.Qd3 Qb6 37.Kg2 Kf8 38.Qe2 Kg7 39.Qf2 Qa6 40.Qe3 Qb7 41.Ba5 Ne6 42.Qb6 Qc8
43.Qxb5 Bxh4 44.Qc4 Qd7 45.Ne2 Be7 46.Bd2 f5 47.a4 Bg5 48.Bc3 f4 49.Qd5 Qe7
50.Bb4 Nc5 51.Bxc5 dxc5 52.a5 fxg3 53.a6 Kh7 54.Qa8 Bf6 55.a7 Qd6 56.Qb8 Qd3
57.Nxg3  1/2-1/2

[Event "Randers zt-f"]
[Site "Randers"]
[Date "1982.??.??"]
[Round "5"]
[White "Kagan, Shimon"]
[Black "Borik, Otto"]
[Result "1/2-1/2"]
[WhiteElo "2425"]
[BlackElo "2360"]

1.e4 c5 2.Nf3 d6 3.d4 Nf6 4.Nc3 cxd4 5.Nxd4 a6 6.g3 e5 7.Nde2 b5 8.Nd5 Bb7
9.Nec3 Nbd7 10.Bg2 Rc8 11.O-O Be7 12.Nxe7 Qxe7 13.Re1 O-O 14.a4 b4 15.Na2 a5
16.c3 b3 17.Qxb3 Nc5 18.Qc2 Bc6 19.b3 Qb7 20.Rb1 Bxe4 21.Bxe4 Ncxe4 22.b4 d5
23.bxa5 Qa8 24.Rb5 Rfe8 25.Qd3 Nd6 26.Rb6 Nc4 27.Rxf6 gxf6 28.Nb4 e4 29.Qxd5 Ne5
30.Kg2 Nd3 31.Rd1 Rxc3 32.Bh6 Ne5 33.Qxa8 Rxa8 34.Nd5 Rf3 35.Nb6 Re8 36.a6 Ng4
37.a7 Rxf2+ 38.Kg1 Rb2 39.Nc4 Rb4 40.Bf4 Rxc4 41.Rb1 Rxa4 42.Rb8 Rxa7 43.Rxe8+ Kg7
44.Rxe4 Ra1+ 45.Kg2 Ra2+ 46.Kg1 Nxh2 47.Re3 Ng4 48.Rb3 h5 49.Rb5 Kg6 50.Bb8 Nf2
51.Kf1 Nh3 52.Rb4 Ng5 53.Bc7 Ne6 54.Bd6 Rd2 55.Bf4 Rc2 56.Be3 Ra2 57.Rb5 Ng5
58.Rb4 Nf3 59.Rc4 Ne5 60.Rb4 Rc2 61.Rb7 Ng4 62.Bg1 Rc3 63.Kg2 Ne5 64.Bd4 Rd3
65.Bf2 Rd2 66.Kf1 Kf5 67.Be3 Rc2 68.Bd4 Nf3 69.Ba7 Ne5 70.Bb8 Kg4 71.Rb6 Kh3
72.Rb3 Rc1+ 73.Kf2 Rc2+ 74.Kf1 Nc4 75.Rd3 Nd2+ 76.Ke2 Ne4+ 77.Kf3 Ng5+ 78.Ke3 Rc8
79.Rb3 Re8+ 80.Kd4 Kg4 81.Kd5 f5 82.Bc7 Ne6 83.Rb4+ f4 84.Bxf4 Nxf4+ 85.Rxf4+ Kxg3
86.Rxf7 h4 87.Rg7+ Kh2 88.Kd4 h3 89.Kd3 Re1 90.Kd2 Rg1 91.Rf7 Rg4 92.Ke2 Kg3
93.Rf3+ Kh4 94.Rf8 h2 95.Kf2 h1=N+ 96.Kf3 Rg3+ 97.Kf4 Kh3 98.Rh8+ Kg2 99.Rxh1 Rf3+
100.Ke4 Kxh1 101.Kxf3  1/2-1/2

[Event "Sarajevo"]
[Site "Sarajevo"]
[Date "1982.??.??"]
[Round "?"]
[White "Popovic, Petar"]
[Black "Marjanovic, Slavoljub"]
[Result "1-0"]
[WhiteElo "2495"]
[BlackElo "2515"]

1.e4 c5 2.Nf3 d6 3.d4 cxd4 4.Nxd4 Nf6 5.Nc3 a6 6.g3 e5 7.Nb3 Be7 8.Bg2 Be6
9.O-O O-O 10.a4 Nbd7 11.a5 Rc8 12.Be3 Qc7 13.h3 Rfd8 14.Qf3 Bf8 15.Rfd1 Qb8
16.Nd2 Rc6 17.Nf1 Rdc8 18.Bd2 b5 19.axb6 Nxb6 20.Rxa6 Qb7 21.Rda1 Nc4 22.Rxc6 Nxd2
23.Nxd2 Rxc6 24.b3 Qc8 25.Nd5 Rxc2 26.Nxf6+ gxf6 27.Qxf6 Rc1+ 28.Rxc1 Qxc1+
29.Nf1 Bxb3 30.Kh2 Qh6 31.Qf3 Be6 32.Ne3 Qg6 33.h4 Bh6 34.Nf5 Bxf5 35.exf5 Qf6
36.Qg4+ Kh8 37.Bd5 Bd2 38.Kg2 h6 39.Qe2 Ba5 40.Qb5 Bc3 41.Qd7 Kg7 42.Qc8 Bd4
43.Qc2 Bb6 44.Kf3 Qe7 45.Qd2 e4+ 46.Bxe4 Qe5 47.Bc2 Qd4 48.Bd3 d5 49.Kg2 Bd8
50.Qe2 Bf6 51.Kh3 Kg8 52.f4 Qg1 53.Qf3 Qd4 54.Kg4 Kg7 55.Kh5 Kf8 56.Kxh6 Be7
57.Kh5 Qg7 58.Bc2 Bf6 59.Bb3 Bc3 60.Qxd5 Kg8 61.Qxf7+ Qxf7+ 62.Bxf7+ Kxf7
63.g4 Kf6 64.Kh6 Bd2 65.g5+ Kxf5 66.g6 Bxf4+ 67.Kh7 Be5 68.h5 Kg5 69.h6 Bh8
70.g7  1-0

[Event "BUL-ch (Women)"]
[Site "Sofia"]
[Date "1982.??.??"]
[Round "13"]
[White "Voiska, Margarita"]
[Black "Nestorova Petrova, Lozanka"]
[Result "0-1"]
[WhiteElo "2120"]
[BlackElo "2115"]

1.e4 c5 2.Nf3 d6 3.d4 cxd4 4.Nxd4 Nf6 5.Nc3 a6 6.g3 e5 7.Nde2 Be7 8.Bg2 O-O
9.O-O Nbd7 10.h3 b5 11.a3 Nb6 12.b3 Bb7 13.Bb2 Qc7 14.Kh1 Rfd8 15.Ng1 Rac8
16.Qe2 d5 17.exd5 Nbxd5 18.Nxd5 Bxd5 19.Bxe5 Bxg2+ 20.Kxg2 Qxc2 21.Qxc2 Rxc2
22.a4 Ne4 23.axb5 axb5 24.Rac1 Rdd2 25.Kf3 f5 26.Rxc2 Rxc2 27.Kf4 g6 28.Nf3 Rxf2
29.Rxf2 Nxf2 30.g4 Nxh3+ 31.Kg3 fxg4 32.Kxg4 Nf2+ 33.Kg3 Nd3 34.Bc7 Bf6 35.Bb6 h5
36.Be3 Kg7 37.Nd2 g5 38.Ne4 Kg6 39.Kg2 Be7 40.Nc3 b4 41.Nd5 Bd6 42.Bd2 Kf5
43.Kf3 g4+ 44.Ke3 Nf4 45.Kd4 Nxd5 46.Kxd5 Be7 47.Kd4 g3 48.Kd3 Kg4 49.Ke2 Bc5  0-1

[Event "Valby SK"]
[Site "Valby"]
[Date "1983.05.14"]
[Round "3"]
[White "Poulsen, Allan"]
[Black "Clausen, Steen"]
[Result "1-0"]
[WhiteElo "2340"]
[BlackElo "2200"]

1.e4 c5 2.Nf3 d6 3.d4 cxd4 4.Nxd4 Nf6 5.Nc3 a6 6.g3 g6 7.Bg2 Bg7 8.O-O O-O
9.h3 Bd7 10.Be3 Nc6 11.Nde2 b5 12.Nd5 Nxd5 13.exd5 Na5 14.Bd4 Rc8 15.b3 Bxd4
16.Nxd4 Qb6 17.Qd2 e5 18.dxe6 fxe6 19.Rae1 e5 20.Nf3 Bf5 21.c3 Kg7 22.Ng5 h6
23.Ne4 Rcd8 24.g4 Bxe4 25.Rxe4 Nc6 26.Re3 Ne7 27.Rd3 Rf6 28.g5 Rf4 29.gxh6+ Kxh6
30.Re1 Nf5 31.Rxe5 dxe5 32.Rxd8 Qf6 33.Rd3 Qg5 34.Rf3 Nh4 35.Rg3 Qf6 36.Be4 g5
37.Bg2 Ng6 38.Rd3 Qf5 39.Rd6 g4 40.hxg4 Qxg4 41.Kf1 Kh5 42.Qe3 a5 43.Bc6 Rf8
44.Be4 Rg8  1-0

[Event "Albena"]
[Site "Albena"]
[Date "1983.??.??"]
[Round "?"]
[White "Kruszynski, Wlodzimierz"]
[Black "Danner, Georg"]
[Result "1/2-1/2"]
[WhiteElo "2435"]
[BlackElo "2405"]

1.e4 c5 2.Nf3 d6 3.d4 cxd4 4.Nxd4 Nf6 5.Nc3 a6 6.g3 e5 7.Nde2 b5 8.Bg2 Bb7
9.h3 Be7 10.O-O Nbd7 11.g4 O-O 12.Ng3 b4 13.Nd5 Bxd5 14.exd5 Ne8 15.a3 bxa3
16.Rxa3 Bg5 17.Bxg5 Qxg5 18.Qe2 Nc7 19.c4 Rab8 20.Ne4 Qe7 21.Qd2 Nf6 22.Ng3 Rb6
23.Nf5 Qd8 24.b4 g6 25.c5 dxc5 26.bxc5 Rb5 27.d6 Rxc5 28.Qh6 Ne6 29.Rd1 a5
30.g5 Nh5 31.Ne7+ Kh8 32.Be4 Nhf4 33.h4 Rc4 34.Re3 Ng7 35.h5 Ngxh5 36.Nc6 Rxc6
37.Bxc6 Ng7 38.d7 Nge6 39.Rxe5 Qe7 40.Qxf8+ Qxf8 41.d8=Q Nxd8 42.Re8 Nde6
43.Rxf8+ Nxf8 44.Kh2 N8e6 45.Kg3 Ne2+ 46.Kg4 N2d4 47.Bd7 Kg7 48.Bxe6 Nxe6
49.Rd7 a4 50.Ra7 a3 51.f4 Nd4 52.Rxa3 h6 53.gxh6+ Kxh6 54.Ra5 Kg7 55.Rd5 Nf5  1/2-1/2

[Event "Bayamo"]
[Site "Bayamo"]
[Date "1983.??.??"]
[Round "?"]
[White "Rodriguez Cordoba, Jesus R"]
[Black "Vera, Reynaldo"]
[Result "1/2-1/2"]
[WhiteElo "2355"]
[BlackElo "2420"]

1.e4 c5 2.Nf3 d6 3.d4 cxd4 4.Nxd4 Nf6 5.Nc3 a6 6.g3 e5 7.Nb3 Be7 8.Bg2 Bg4
9.Qd3 Nc6 10.a3 O-O 11.O-O h6 12.f4 exf4 13.gxf4 Be6 14.Kh1 Rc8 15.Nd5 b5
16.Qg3 Kh8 17.Bf3 Re8 18.Be3 Bxd5 19.exd5 Na5 20.Rg1 Bf8 21.Bd4 Nc4 22.Qh4 Rc7  1/2-1/2

[Event "Bratislava"]
[Site "Bratislava"]
[Date "1983.??.??"]
[Round "2"]
[White "Mokry, Karel"]
[Black "Vera, Reynaldo"]
[Result "1/2-1/2"]
[WhiteElo "2450"]
[BlackElo "2450"]

1.e4 c5 2.Nf3 d6 3.d4 cxd4 4.Nxd4 Nf6 5.Nc3 a6 6.g3 b5 7.Bg2 Bb7 8.O-O e5
9.Nf5 b4 10.Nd5 Nxd5 11.exd5 g6 12.Ne3 Bg7 13.a3 bxa3 14.Rxa3 O-O 15.Bd2 f5
16.Ba5 Qe7 17.Nc4 Nd7 18.Bb4 Rf6 19.Na5 Bc8 20.f4 e4 21.Bc3 Rf7 22.Bxg7 Rxg7
23.Qd4 Nf6 24.Nc4 Rb8 25.Ne3 Rf7 26.Rf2 Qa7 27.Qxa7 Rxa7 28.c3 Rc7 29.Bf1 Bb7
30.Rd2 Kf8 31.b4 h5 32.h4 Rbc8 33.c4 Rb8 34.Be2 Bc8 35.Nc2 Kf7 36.Kf2 Nd7
37.Ra5 Rb6 38.Ke3 Rcb7 39.c5 dxc5 40.bxc5 Rb3+ 41.Kf2 Rc3 42.c6 Rb2 43.cxd7 Bxd7
44.Ke1 Rcxc2 45.Rxc2 Rxc2 46.Bxa6 Ke7 47.Be2 Kd6 48.Ra6+ Kxd5 49.Rxg6 Kd4
50.Rb6 Ba4 51.Bd1 Rc4 52.Bxh5 Ke3 53.Kf1 Rc1+ 54.Kg2 Bd1 55.Bxd1 Rxd1 56.h5 Rd2+
57.Kh3 Kf3 58.Kh4 e3 59.Re6 Rd4 60.h6 Re4 61.h7 e2 62.h8=Q e1=Q 63.Qh5+ Kg2
64.Rg6 Rxf4+ 65.Kg5 Rf1 66.Kf6 Rh1 67.Qg5 Qc3+ 68.Kf7 Rh7+ 69.Ke6 Qc8+ 70.Kf6 Qf8+
71.Ke5 Re7+ 72.Re6 Rd7 73.Qe3 Qh8+ 74.Kf4 Rd4+ 75.Kxf5 Qf8+ 76.Ke5 Rg4 77.Qd2+ Kxg3
78.Qe3+ Kg2 79.Qd2+  1/2-1/2

[Event "Gausdal Jubilee"]
[Site "Gausdal"]
[Date "1983.??.??"]
[Round "2"]
[White "Fries Nielsen, Jens Ove"]
[Black "Cramling, Dan"]
[Result "1/2-1/2"]
[WhiteElo "2440"]
[BlackElo "2415"]

1.e4 c5 2.Nf3 d6 3.d4 cxd4 4.Nxd4 Nf6 5.Nc3 a6 6.g3 Bg4 7.f3 Bd7 8.Bg2 Nc6
9.a4 e6 10.Be3 Be7 11.O-O O-O 12.Kh1 Qc7 13.f4 Rac8 14.Nb3 Na5 15.Nxa5 Qxa5
16.g4 Bc6 17.g5 Nd7 18.Qe1 f5 19.gxf6 Bxf6 20.Bd2 Qh5 21.Qe3  1/2-1/2

[Event "New York Kavkasian"]
[Site "New York"]
[Date "1983.??.??"]
[Round "?"]
[White "Lein, Anatoly"]
[Black "Burger, Karl"]
[Result "1-0"]
[WhiteElo "2465"]
[BlackElo "2360"]

1.e4 c5 2.Nf3 d6 3.d4 cxd4 4.Nxd4 Nf6 5.Nc3 a6 6.g3 Nc6 7.Bg2 Bd7 8.Bg5 e6
9.Nxc6 Bxc6 10.Qd2 Be7 11.O-O-O Qa5 12.Kb1 Rd8 13.Rhe1 h6 14.Nd5 Qxd2 15.Nxf6+ Bxf6
16.Bxd2 Rd7 17.Bb4 Be7 18.Rd2 Kd8 19.Red1 Kc7 20.f4 Rhd8 21.c4 b6 22.b3 g5
23.Kc2 Rg8 24.e5 Bxg2 25.Rxg2 gxf4 26.Rgd2 d5 27.Bxe7 Rxe7 28.cxd5 exd5 29.gxf4 Rg4
30.Rf2 Rd7 31.Kd3 Kc6 32.Rc1+ Kb5 33.Kd4 a5 34.a3 Rh4 35.Rc3 Ka6 36.h3 Kb5
37.Rff3 Rh5 38.Rc8 Rf5 39.a4+ Ka6 40.Rc6 Kb7 41.Rxh6 Rd8  1-0

[Event "BUL-ch"]
[Site "Pernik"]
[Date "1983.??.??"]
[Round "8"]
[White "Grigorov, Jordan N"]
[Black "Spassov, Liuben"]
[Result "0-1"]
[WhiteElo "2380"]
[BlackElo "2475"]

1.e4 c5 2.Nf3 d6 3.d4 cxd4 4.Nxd4 Nf6 5.Nc3 a6 6.g3 e5 7.Nde2 Nbd7 8.Bg2 b6
9.h3 Bb7 10.g4 Nc5 11.Ng3 g6 12.O-O Ne6 13.Nd5 Bg7 14.c4 O-O 15.Be3 Nxd5
16.cxd5 Nf4 17.Qb3 b5 18.a4 Qh4 19.Bxf4 exf4 20.Ne2 Be5 21.axb5 axb5 22.Rxa8 Rxa8
23.f3 Kg7 24.Rd1 h5 25.Qb4 hxg4 26.hxg4 Qd8 27.Bf1 Qb6+ 28.Kg2 Rh8 29.Nd4 Qd8
30.Qe1 Qg5 31.Bxb5 Bc8 32.Qg1 Rh4 33.Kf1 Rh3 34.Ke2 Rg3 35.Qf2 Bxg4 36.Kd3 Bh5
37.Rd2 Qh4 38.Kc4 Qh1 39.Ba4 Bxf3 40.Nxf3 Rxf3 41.Qg2 Qc1+ 42.Rc2 Qe3 43.Kb5 Qxe4
44.Rd2 Qe3 45.b4 Bc3  0-1

[Event "BUL-ch"]
[Site "Pernik"]
[Date "1983.??.??"]
[Round "10"]
[White "Trifunov, Dimitar"]
[Black "Zahariev, Zahari"]
[Result "1/2-1/2"]
[WhiteElo "2265"]
[BlackElo "2260"]

1.e4 c5 2.Nf3 d6 3.d4 cxd4 4.Nxd4 Nf6 5.Nc3 a6 6.g3 e6 7.Bg2 Be7 8.O-O O-O
9.b3 Qc7 10.Nce2 Nc6 11.c4 Bd7 12.Bb2 Rfd8 13.Rc1 Rac8 14.Kh1 Qb8 15.f4 Be8
16.f5 e5 17.Nc2 b5 18.Ne3 Qb6 19.Qd2 Na5 20.g4 Bc6  1/2-1/2

[Event "EU-chT Plovdiv"]
[Site "Plovdiv"]
[Date "1983.??.??"]
[Round "3"]
[White "Hartston, William R"]
[Black "Lukov, Valentin"]
[Result "1/2-1/2"]
[WhiteElo "2435"]
[BlackElo "2430"]

1.e4 c5 2.Nf3 d6 3.d4 cxd4 4.Nxd4 Nf6 5.Nc3 a6 6.g3 e5 7.Nde2 Be7 8.Bg2 O-O
9.a4 b6 10.h3 Bb7 11.O-O Nbd7 12.g4 b5 13.g5 Ne8 14.axb5 Bxg5 15.Bxg5 Qxg5
16.bxa6 Rxa6 17.Rxa6 Bxa6 18.Re1 Nc5 19.Ng3 g6 20.Qg4 Qd8 21.Nd5 Kh8 22.f4 exf4
23.Qxf4 Nd7 24.Bf1 Bb7 25.c4 Ne5 26.b4 f6 27.Qe3 Ng7 28.Rd1 f5 29.exf5 gxf5
30.Nf4 Nf3+ 31.Kf2 Ng5 32.Bg2 Ne4+ 33.Bxe4 fxe4 34.Rf1 Qg5 35.Ke2 Ra8 36.Rf2 Qe5
37.Kf1 Qa1+ 38.Kg2 Ra3 39.Rf1 Qb2+ 40.Qe2 Qc3 41.Qg4 Ra8 42.Qh4 Qb2+ 43.Kg1 e3  1/2-1/2

[Event "Rubinstein mem"]
[Site "Polanica Zdroj"]
[Date "1983.??.??"]
[Round "5"]
[White "Kruszynski, Wlodzimierz"]
[Black "Lechtynsky, Jiri"]
[Result "1/2-1/2"]
[WhiteElo "2435"]
[BlackElo "2475"]

1.e4 c5 2.Nf3 d6 3.d4 cxd4 4.Nxd4 Nf6 5.Nc3 a6 6.g3 Nc6 7.Bg2 Bd7 8.O-O e6
9.Re1 Nxd4 10.Qxd4 Be7 11.Bg5 O-O 12.Rad1 Bc6 13.e5 dxe5 14.Qxe5 Qc8 15.Bxc6 Qxc6
16.Ne4 Nxe4 17.Bxe7 Rfe8 18.Qxe4 Qxe4 19.Rxe4 Rxe7 20.Rd6 Kf8 21.Rb4 Rc8
22.Rdb6 Rcc7 23.c4 Red7 24.c5 Rxc5 25.Rxb7 Rd1+ 26.Kg2 g5 27.g4 h5 28.h3 hxg4
29.hxg4 a5 30.Ra4 Rc2 31.Rb3 Rdd2 32.Rf3 Rxb2 33.Rxa5 Rxa2 34.Rxg5  1/2-1/2